Nét y phục Chăm /

Spremljeno u:
Bibliografski detalji
Glavni autor: Châu Tấn Lực.
Format: Članak
Jezik:Vietnamese
Teme:
Oznake: Dodaj oznaku
Bez oznaka, Budi prvi tko označuje ovaj zapis!
Thư viện lưu trữ: Thư viện Trường Đại học Đà Lạt
LEADER 00682nam a2200253 4500
001 DLU160175344
005 ##20160404
040 # # |a DLU  |b vie 
041 # # |a vie 
044 # # |a vn 
100 # # |a Châu Tấn Lực. 
245 # # |a Nét y phục Chăm /  |c Châu Tấn Lực. 
653 # # |a Dân tộc Chăm 
653 # # |a Y phục 
773 # # |t Tạp chí Văn hóa các dân tộc  |g Số 7, 1998, tr. 6 
920 # # |a Phòng Tạp chí -- Trung tâm Thông tin - Thư viện Trường Đại học Đà Lạt 
994 # # |a DLU 
900 # # |a True 
911 # # |a Nguyễn Thị Mai Anh 
925 # # |a G 
926 # # |a A 
927 # # |a BB 
980 # # |a Thư viện Trường Đại học Đà Lạt